<?xml version="1.0" encoding="UTF-8"?><?xml-stylesheet type="text/xsl" href="static/style.xsl"?><OAI-PMH xmlns="http://www.openarchives.org/OAI/2.0/" xmlns:xsi="http://www.w3.org/2001/XMLSchema-instance" xsi:schemaLocation="http://www.openarchives.org/OAI/2.0/ http://www.openarchives.org/OAI/2.0/OAI-PMH.xsd"><responseDate>2026-04-17T07:52:41Z</responseDate><request verb="GetRecord" identifier="oai:www.recercat.cat:2117/338165" metadataPrefix="marc">https://recercat.cat/oai/request</request><GetRecord><record><header><identifier>oai:recercat.cat:2117/338165</identifier><datestamp>2026-01-30T01:58:33Z</datestamp><setSpec>com_2072_1033</setSpec><setSpec>col_2072_452950</setSpec></header><metadata><record xmlns="http://www.loc.gov/MARC21/slim" xmlns:dcterms="http://purl.org/dc/terms/" xmlns:xsi="http://www.w3.org/2001/XMLSchema-instance" xmlns:doc="http://www.lyncode.com/xoai" xsi:schemaLocation="http://www.loc.gov/MARC21/slim http://www.loc.gov/standards/marcxml/schema/MARC21slim.xsd">
   <leader>00925njm 22002777a 4500</leader>
   <datafield ind2=" " ind1=" " tag="042">
      <subfield code="a">dc</subfield>
   </datafield>
   <datafield ind2=" " ind1=" " tag="720">
      <subfield code="a">Casals Missio, Joan</subfield>
      <subfield code="e">author</subfield>
   </datafield>
   <datafield ind2=" " ind1=" " tag="720">
      <subfield code="a">Rull Ferré, Aurora</subfield>
      <subfield code="e">author</subfield>
   </datafield>
   <datafield ind2=" " ind1=" " tag="720">
      <subfield code="a">Isern Viana, Helena</subfield>
      <subfield code="e">author</subfield>
   </datafield>
   <datafield ind2=" " ind1=" " tag="720">
      <subfield code="a">Rivera Pinzano, Ana</subfield>
      <subfield code="e">author</subfield>
   </datafield>
   <datafield ind2=" " ind1=" " tag="260">
      <subfield code="c">2020-12-30</subfield>
   </datafield>
   <datafield ind2=" " ind1=" " tag="520">
      <subfield code="a">La diversitat genètica dels cultius, especialment de les varietats tradicionals que singularitzen l’agricultura i la gastronomia dels territoris, ha estat sotmesa a una forta erosió en els darrers cent anys. Aquesta erosió s’ha produït en tres fases concatenades, marcades pels canvis en els sistemes de producció agrícola (1960-1980), per la globalització alimentària (1980-2000) i, més recentment, per la desaparició d’un model d’explotació agrícola tradicional i d’una cultura sensorial pròpia d’unes generacions que mantenien un vincle amb determinades varietats tradicionals. Per a fer front a aquesta acceleració de l’erosió genètica, la qual porta intrínseca la pèrdua de la tipicitat dels territoris, s’ha creat el Banc de Germoplasma de la Fundació Miquel Agustí - Universitat Politècnica de Catalunya (FMA-UPC). El Banc conserva actualment 2.428  entrades de 29 espècies hortícoles i està format principalment per varietats tradicionals catalanes (1.225 entrades). Dels materials es disposa d’un volum important d’informació (agronòmica, sensorial, química i genètica), fruit dels nombrosos projectes de recerca duts a terme. L’equip que integra el Banc treballa per garantir la conservació d’aquesta col·lecció, la més gran de Catalunya, la qual conté un fragment essencial de la nostra història hortícola, i dissenya estratègies innovadores per impulsar l’accés lliure dels pagesos i de les pageses als materials genètics i la informació associada. Alhora desenvolupa projectes de millora amb l’objectiu de singularitzar les produccions hortícoles, basant-les en  paràmetres de qualitat i de vincle amb els consumidors</subfield>
   </datafield>
   <datafield ind2=" " ind1=" " tag="520">
      <subfield code="a">Postprint (published version)</subfield>
   </datafield>
   <datafield tag="653" ind2=" " ind1=" ">
      <subfield code="a">Àrees temàtiques de la UPC::Enginyeria agroalimentària::Agricultura::Horticultura</subfield>
   </datafield>
   <datafield tag="653" ind2=" " ind1=" ">
      <subfield code="a">Recursos fitogenètics</subfield>
   </datafield>
   <datafield tag="653" ind2=" " ind1=" ">
      <subfield code="a">Varietat tradicional</subfield>
   </datafield>
   <datafield tag="653" ind2=" " ind1=" ">
      <subfield code="a">Conservació ex situ</subfield>
   </datafield>
   <datafield tag="653" ind2=" " ind1=" ">
      <subfield code="a">Erosió genètica</subfield>
   </datafield>
   <datafield tag="653" ind2=" " ind1=" ">
      <subfield code="a">Millora genètica</subfield>
   </datafield>
   <datafield tag="653" ind2=" " ind1=" ">
      <subfield code="a">Horticultura -- Aspectes genètics</subfield>
   </datafield>
   <datafield ind2="0" ind1="0" tag="245">
      <subfield code="a">El banc de germoplasma de la Fundació Miquel Agustí-Universitat Politècnica de Catalunya (FMA-UPC), Patrimoni de la cultura catalana</subfield>
   </datafield>
   <datafield ind2="0" ind1="0" tag="245">
      <subfield code="a">The germplasm bank of the Miquel Agustí Foundation Polytechnic University of Catalonia (FMA-UPC) and the catalan horticultura heritage</subfield>
   </datafield>
   <datafield ind2="0" ind1="0" tag="245">
      <subfield code="a">El banco de germoplasma de la Fundació Miquel Agustí-Universitat Politècnica de Catalunya (FMA-UPC), Patrimonio de la cultura catalana</subfield>
   </datafield>
</record></metadata></record></GetRecord></OAI-PMH>